[Event "Open SSM Luglio"]
[Site "Milano ITA"]
[Date "2015.07.02"]
[Round "1"]
[White "Madaschi, Sergio"]
[Black "Maccari, Piergiuseppe"]
[WhiteElo "1523"]
[BlackElo "1812"]
[Result "0-1"]
[PlyCount "70"]
[EventDate "2015.07.02"]

1. e4 c5 2. Nf3 d6 3. d4 cxd4 4. Nxd4 Nf6 5. Nc3 g6 6. f3 Bg7 7. Be3 O-O 8. Qd2
Nc6 9. Bc4 Bd7 10. O-O-O Qa5 11. Kb1 Rfc8 12. Bb3 Ne5 13. h4 Nc4 14. Bxc4 Rxc4
15. g4 Rac8 16. Nd5 Qxd2 17. Nxf6+ Bxf6 18. Rxd2 a5 19. g5 Bg7 20. h5 a4 21.
hxg6 hxg6 22. Ne2 b5 23. Bd4 e5 24. Be3 b4 25. Rxd6 Be6 26. Rd2 b3 27. cxb3
axb3 28. a3 Bf8 29. Nc1 Rc2 30. Rxc2 bxc2+ 31. Ka1 Rb8 32. Nd3 Rb3 33. Nxe5
Rxe3 34. Rc1 Bg7 35. Ng4 Rxa3# 0-1

[Event "Open SSM Luglio"]
[Site "Milano ITA"]
[Date "2015.07.02"]
[Round "1"]
[White "Moreschi, Mauro"]
[Black "Ruggeri, Igor"]
[WhiteElo "1825"]
[BlackElo "1528"]
[Result "0-1"]
[PlyCount "42"]
[EventDate "2015.07.02"]

1. e4 c5 2. Nf3 d6 3. Bb5+ Bd7 4. Bxd7+ Qxd7 5. O-O Nc6 6. Re1 Nf6 7. Nc3 g6 8.
e5 dxe5 9. Nxe5 Nxe5 10. Rxe5 Rc8 11. d3 Bg7 12. Bg5 O-O 13. Qf3 h6 14. Bxf6
Bxf6 15. Rd5 Qc6 16. Ne4 Qb6 17. Nxf6+ exf6 18. b3 Rfe8 19. Rd7 Qe6 20. Qe3
Qxd7 21. Qxh6 Re5 0-1

[Event "Open SSM Luglio"]
[Site "Milano ITA"]
[Date "2015.07.02"]
[Round "1"]
[White "Nikonov, Maxim"]
[Black "Finocchiaro, Gianluca"]
[WhiteElo "1535"]
[BlackElo "2018"]
[Result "0-1"]
[PlyCount "63"]
[EventDate "2015.07.02"]

1. e4 Nc6 2. Bc4 Nf6 3. d4 d5 4. exd5 Nxd5 5. Ne2 Bf5 6. O-O e6 7. Bxd5 Qxd5 8.
Nbc3 Qd7 9. Be3 O-O-O 10. Qd2 Nb4 11. Rfc1 Nd5 12. Nxd5 exd5 13. c4 dxc4 14.
Rxc4 Be6 15. Rc2 Bd6 16. Rac1 Bf5 17. Rc4 Be6 18. R4c2 Kb8 19. Nf4 g5 20. Nxe6
Qxe6 21. Re1 Qd5 22. Bxg5 Rhg8 23. f4 f6 24. Bxf6 Rdf8 25. Be5 Bxe5 26. Rxe5
Qxa2 27. Qe1 Qa4 28. Rc3 Qd7 29. Rce3 c6 30. d5 cxd5 31. Re7 Qb5 32. R3e5 {...}
0-1

[Event "Open SSM Luglio"]
[Site "Milano ITA"]
[Date "2015.07.02"]
[Round "1"]
[White "Poletto, Daniele"]
[Black "Vezzosi, Paolo"]
[WhiteElo "1712"]
[BlackElo "2349"]
[Result "0-1"]
[PlyCount "126"]
[EventDate "2015.07.02"]

1. c4 e5 2. Nc3 Nf6 3. g3 Bb4 4. Bg2 O-O 5. e4 d6 6. Nge2 Nc6 7. O-O Bc5 8. a3
a5 9. d3 Bd7 10. h3 h6 11. Kh2 Nd4 12. Nxd4 Bxd4 13. Ne2 Bc5 14. Bd2 a4 15. Nc3
Bd4 16. Qc1 c6 17. Ne2 Bc5 18. Be3 Qe7 19. Bxc5 dxc5 20. f4 Rfd8 21. Qc3 Be8
22. Rad1 Nd7 23. f5 Nf6 24. Qc1 Rd6 25. Qe3 b6 26. g4 Rad8 27. Nc3 Ra8 28. g5
hxg5 29. Qxg5 Nd5 30. Qxe7 Nxe7 31. Rf3 Kf8 32. Rdf1 Ng8 33. Re3 Nf6 34. Bf3
Ra7 35. Be2 b5 36. cxb5 cxb5 37. Rg1 b4 38. Nd1 Rb6 39. Reg3 g6 40. fxg6 fxg6
41. Rf1 Kg7 42. h4 Kh6 43. Rg5 Re7 44. axb4 cxb4 45. Ne3 Bf7 46. Rg2 a3 47.
bxa3 bxa3 48. Rgf2 a2 49. Rxf6 Rxf6 50. Ng4+ Kg7 51. Nxf6 Rb7 52. Ng4 Rb1 53.
Rxb1 axb1=Q 54. Kg2 Qe1 55. Bf3 Qd2+ 56. Kg3 Qf4+ 57. Kf2 Be6 58. Ne3 Qxh4+ 59.
Ke2 Qh2+ 60. Bg2 Bh3 61. Kf2 Kh6 62. Kf3 Kg5 63. Kf2 Kh4 0-1

[Event "Open SSM Luglio"]
[Site "Milano ITA"]
[Date "2015.07.02"]
[Round "1"]
[White "Spelta, Andrea"]
[Black "Brisotto, Stefano"]
[WhiteElo "1788"]
[BlackElo "1464"]
[Result "1-0"]
[PlyCount "55"]
[EventDate "2015.07.02"]

1. Nf3 c5 2. g3 Nc6 3. d4 cxd4 4. Nxd4 e5 5. Nxc6 bxc6 6. Bg2 Nf6 7. O-O Be7 8.
c4 O-O 9. Nc3 Bb7 10. h3 d5 11. cxd5 cxd5 12. Bg5 e4 13. e3 h6 14. Bf4 Bd6 15.
Bxd6 Qxd6 16. Nxe4 Nxe4 17. Bxe4 Qe5 18. Bf3 Rad8 19. Qd4 Qb8 20. Rac1 Bc8 21.
Bg2 Rfe8 22. Rc5 Bf5 23. b3 Be4 24. Bxe4 dxe4 25. Qc4 Rd3 26. Rc7 Rf8 27. Rc1
Rxe3 28. fxe3 1-0

[Event "Open SSM Luglio"]
[Site "Milano ITA"]
[Date "2015.07.03"]
[Round "2"]
[White "Aloe, Giancarlo"]
[Black "Moreschi, Mauro"]
[WhiteElo "1711"]
[BlackElo "1825"]
[Result "1-0"]
[PlyCount "89"]
[EventDate "2015.07.02"]

1. d4 b6 2. Nf3 Bb7 3. c4 e6 4. Nbd2 Nf6 5. g3 Nc6 6. e3 Bb4 7. a3 Bxd2+ 8.
Bxd2 Ne4 9. Bg2 Na5 10. Bxa5 bxa5 11. O-O Rb8 12. Qc2 O-O 13. Rfd1 Ng5 14. d5
Nxf3+ 15. Bxf3 Qf6 16. Bg2 exd5 17. cxd5 Bxd5 18. Rxd5 Rxb2 19. Qf5 Qc3 20.
Rdd1 Rd2 21. Rdc1 Qb2 22. Rf1 a4 23. Qc5 Rxf2 24. Rxf2 Qxa1+ 25. Rf1 Qb2 26.
Be4 g6 27. Rb1 d6 28. Rxb2 dxc5 29. Bc6 Rd8 30. Bxa4 Rd3 31. Rb3 Rd1+ 32. Kg2
Rd2+ 33. Kh3 Ra2 34. Bb5 Kf8 35. a4 a6 36. Bxa6 Rxa4 37. Bb5 Rb4 38. Rxb4 cxb4
39. Bc4 Ke7 40. Kg4 h6 41. Kf4 Kd6 42. Bxf7 c5 43. Bc4 g5+ 44. Kf5 g4 45. e4
1-0

[Event "Open SSM Luglio"]
[Site "Milano ITA"]
[Date "2015.07.03"]
[Round "2"]
[White "Bracco, Valter"]
[Black "Nikonov, Maxim"]
[WhiteElo "1400"]
[BlackElo "1535"]
[Result "0-1"]
[PlyCount "61"]
[EventDate "2015.07.02"]

1. e4 e5 2. Nf3 Nc6 3. Bb5 g6 4. O-O Bg7 5. c3 Nge7 6. d3 O-O 7. Be3 a6 8. Ba4
d5 9. exd5 Nxd5 10. Bg5 f6 11. Bh4 b5 12. Bb3 Kh8 13. Re1 Bb7 14. Nxe5 Nxe5 15.
Rxe5 g5 16. Rxd5 Bxd5 17. Bg3 Re8 18. Nd2 Bxb3 19. Nxb3 f5 20. f3 Qe7 21. Bf2
Qe2 22. Rb1 Qxd1+ 23. Rxd1 Re2 24. Rd2 Rae8 25. Kf1 Rxd2 26. Nxd2 b4 27. d4 Rd8
28. Ke2 bxc3 29. bxc3 c5 30. Kd3 cxd4 31. cxd4 0-1

[Event "Open SSM Luglio"]
[Site "Milano ITA"]
[Date "2015.07.03"]
[Round "2"]
[White "Carli, Federico"]
[Black "Frignani, Alessandro"]
[WhiteElo "1677"]
[BlackElo "1403"]
[Result "1-0"]
[PlyCount "71"]
[EventDate "2015.07.02"]

1. e4 e5 2. Nf3 Qf6 3. Bc4 Bc5 4. O-O h6 5. Nc3 c6 6. d3 Be7 7. Be3 d6 8. Bb3
Qg6 9. Re1 Bh3 10. g3 h5 11. Qd2 h4 12. Bg5 hxg3 13. fxg3 Bg4 14. Bxe7 Bxf3 15.
Rf1 Nxe7 16. Rxf3 f6 17. Raf1 Nd7 18. a3 O-O-O 19. R1f2 Kb8 20. Kf1 Rh7 21. Ke1
Rdh8 22. Re2 Qg4 23. Rff2 Rh5 24. Bf7 g6 25. d4 Rf8 26. Ba2 Kc7 27. d5 f5 28.
dxc6 bxc6 29. Qe3 Nb6 30. Kd2 Rfh8 31. Kc1 Rh3 32. Be6 Rf8 33. Qd2 Rf6 34. Bb3
Rh8 35. Nd1 Rhf8 36. Ne3 1-0

[Event "Open SSM Luglio"]
[Site "Milano ITA"]
[Date "2015.07.03"]
[Round "2"]
[White "Finocchiaro, Gianluca"]
[Black "Biava, Pierluigi"]
[WhiteElo "2018"]
[BlackElo "1588"]
[Result "1-0"]
[PlyCount "57"]
[EventDate "2015.07.02"]

1. e4 c5 2. Nf3 e6 3. d4 cxd4 4. Nxd4 a6 5. c4 Qc7 6. a3 Nf6 7. Nc3 Be7 8. g3
d6 9. Bg2 Nbd7 10. O-O h5 11. Bg5 Ne5 12. Rc1 Bd7 13. f4 Nxc4 14. Qe2 Qc5 15.
Rfd1 e5 16. b4 Bg4 17. bxc5 Bxe2 18. Ndxe2 Ne3 19. cxd6 Nxd1 20. Rxd1 Bd8 21.
Bxf6 gxf6 22. Nd5 h4 23. Rc1 Kd7 24. Nc7 Bxc7 25. dxc7 hxg3 26. Bf3 gxh2+ 27.
Kh1 Rag8 28. c8=Q+ Rxc8 29. Bg4+ 1-0

[Event "Open SSM Luglio"]
[Site "Milano ITA"]
[Date "2015.07.03"]
[Round "2"]
[White "Lattanzio, Savino"]
[Black "Libutti, Michele"]
[WhiteElo "2155"]
[BlackElo "1770"]
[Result "1-0"]
[PlyCount "32"]
[EventDate "2015.07.02"]

1. d4 Nf6 2. Nf3 d5 3. e3 Bg4 4. c4 e6 5. Qb3 b6 6. Ne5 c6 7. Nxg4 Nxg4 8. h3
Nf6 9. Nc3 Bd6 10. Bd3 Nbd7 11. O-O O-O 12. Qc2 Rc8 13. b3 e5 14. dxe5 Bxe5 15.
Bb2 Re8 16. Rfd1 Ne4 {...} 1-0

[Event "Open SSM Luglio"]
[Site "Milano ITA"]
[Date "2015.07.03"]
[Round "2"]
[White "Maccari, Piergiuseppe"]
[Black "Ruggeri, Igor"]
[WhiteElo "1812"]
[BlackElo "1528"]
[Result "1-0"]
[PlyCount "61"]
[EventDate "2015.07.02"]

1. Nf3 Nf6 2. g3 Nc6 3. d4 d5 4. Bg2 e6 5. O-O Bd6 6. c4 O-O 7. Nc3 b6 8. cxd5
exd5 9. Bg5 Be7 10. Rc1 Bb7 11. Qa4 Na5 12. Ne5 Ne4 13. Bxe7 Qxe7 14. b4 Nc4
15. Nxc4 dxc4 16. Nxe4 Bxe4 17. Bxe4 Qxe4 18. e3 Qd5 19. b5 Qd7 20. Qxc4 Rfc8
21. Rfd1 Kf8 22. e4 Qd6 23. e5 Qe6 24. Qd3 Qxa2 25. Qxh7 g6 26. Qh8+ Ke7 27.
Qf6+ Ke8 28. d5 Qb2 29. Qh8+ Ke7 30. d6+ Ke6 31. Qf6+ 1-0

[Event "Open SSM Luglio"]
[Site "Milano ITA"]
[Date "2015.07.18"]
[Round "2"]
[White "Mazzoccoli, Simone"]
[Black "Astengo, Corrado"]
[WhiteElo "1786"]
[BlackElo "2114"]
[Result "1/2-1/2"]
[PlyCount "72"]
[EventDate "2015.07.02"]

1. e4 e6 2. d4 d5 3. e5 c5 4. c3 Qb6 5. Nf3 Bd7 6. Be2 Bb5 7. O-O Bxe2 8. Qxe2
cxd4 9. cxd4 Nc6 10. h3 Nge7 11. Na3 Nf5 12. Nc2 a6 13. Rd1 Rc8 14. b3 Nb4 15.
Nxb4 Bxb4 16. Bb2 O-O 17. Rac1 Qa7 18. Rc2 Ne7 19. Rdc1 Rxc2 20. Rxc2 Rc8 21.
Rxc8+ Nxc8 22. Qc2 Qb8 23. Kf1 Na7 24. Kg1 Qc8 25. Qxc8+ Nxc8 26. Kf1 Na7 27.
Ke2 Nc6 28. Kd3 f6 29. Ke3 Kf7 30. Kd3 Ba5 31. Ke2 Bb6 32. Bc3 Kg6 33. g4 fxe5
34. Nxe5+ Nxe5 35. dxe5 h5 36. f4 hxg4 1/2-1/2

[Event "Open SSM Luglio"]
[Site "Milano ITA"]
[Date "2015.07.03"]
[Round "2"]
[White "Mollichella, Claudio"]
[Black "Colica, Daniele"]
[WhiteElo "1428"]
[BlackElo "1686"]
[Result "0-1"]
[PlyCount "90"]
[EventDate "2015.07.02"]

1. d4 Nf6 2. c4 e6 3. Nc3 Bb4 4. Nf3 c5 5. e3 O-O 6. Bd2 d5 7. cxd5 exd5 8. a3
Bxc3 9. Bxc3 Ne4 10. dxc5 Nc6 11. Be2 Nxc3 12. bxc3 Qa5 13. Qb3 Qxc5 14. O-O
Be6 15. Nd4 Rab8 16. Rfc1 Ne5 17. Qb4 Qc8 18. Qd6 Nc4 19. Bxc4 dxc4 20. Rab1
Rd8 21. Qf4 Qc5 22. Ra1 Rbc8 23. e4 Rxd4 24. cxd4 Qxd4 25. Qe3 Qxe3 26. fxe3 b5
27. Rc3 a5 28. Rb1 Rb8 29. Rbc1 b4 30. axb4 axb4 31. Rxc4 Bxc4 32. Rxc4 b3 33.
Rc1 b2 34. Rb1 Kf8 35. Kf2 Ke7 36. Ke2 Kd6 37. Kd2 Ke5 38. Kd3 Rb3+ 39. Kd2
Kxe4 40. Ke2 Rxe3+ 41. Kf2 Rb3 42. Ke2 Kd4 43. Kd2 f5 44. Kc2 Kc4 45. Kd2 g5
0-1

[Event "Open SSM Luglio"]
[Site "Milano ITA"]
[Date "2015.07.03"]
[Round "2"]
[White "Pelizzola, Danilo"]
[Black "Cazzaniga, Walter"]
[WhiteElo "2064"]
[BlackElo "2163"]
[Result "1/2-1/2"]
[PlyCount "69"]
[EventDate "2015.07.02"]

1. e4 c5 2. Nf3 d6 3. d4 cxd4 4. Nxd4 Nf6 5. Nc3 g6 6. Be3 Bg7 7. f3 O-O 8. Bc4
Nc6 9. Qd2 Bd7 10. O-O-O Rc8 11. Bb3 Ne5 12. g4 Nc4 13. Bxc4 Rxc4 14. h4 Qa5
15. Kb1 Rxc3 16. Qxc3 Qxc3 17. bxc3 Rc8 18. Kb2 a5 19. h5 a4 20. a3 Rc5 21.
hxg6 fxg6 22. g5 Nh5 23. Ne2 Rb5+ 24. Ka1 Ng3 25. Nd4 Bxd4 26. cxd4 Nxh1 27.
Rxh1 d5 28. Rb1 Kf7 29. exd5 Rxb1+ 30. Kxb1 Bb5 31. Kb2 Bc4 32. Kc3 Bxd5 33. f4
Be4 34. Bc1 Ke6 35. Bd2 1/2-1/2

[Event "Open SSM Luglio"]
[Site "Milano ITA"]
[Date "2015.07.03"]
[Round "2"]
[White "Poletto, Daniele"]
[Black "Madaschi, Sergio"]
[WhiteElo "1712"]
[BlackElo "1523"]
[Result "1-0"]
[PlyCount "31"]
[EventDate "2015.07.02"]

1. c4 b6 2. Nf3 Bb7 3. g3 Nf6 4. Bg2 e6 5. O-O c5 6. b3 g6 7. Bb2 Bg7 8. d3 O-O
9. Nbd2 d6 10. Rc1 Nc6 11. a3 Qd7 12. Rc2 Rac8 13. Qa1 Nh5 14. Bxg7 Nxg7 15.
Ne4 h6 16. Nf6+ 1-0

[Event "Open SSM Luglio"]
[Site "Milano ITA"]
[Date "2015.07.03"]
[Round "2"]
[White "Ricciardi, Arcangelo"]
[Black "Bemporad, Filippo"]
[WhiteElo "1766"]
[BlackElo "2042"]
[Result "0-1"]
[PlyCount "134"]
[EventDate "2015.07.02"]

1. e4 c5 2. Nf3 d6 3. Bb5+ Bd7 4. Bxd7+ Qxd7 5. d4 cxd4 6. Qxd4 Nc6 7. Qd3 g6
8. Nc3 Bg7 9. Nd5 e6 10. Nc3 Nge7 11. O-O O-O 12. Be3 Rfd8 13. Rad1 Qc8 14. Bg5
a6 15. Na4 Rb8 16. Nb6 Qc7 17. Qe3 Re8 18. Bf4 Rbd8 19. c3 Bf8 20. Nc4 Nc8 21.
Bg5 N6e7 22. Qd3 b5 23. Ne3 Nb6 24. Ng4 Nd7 25. Qxd6 Qxd6 26. Rxd6 h5 27. Rxd7
hxg4 28. Rxd8 Rxd8 29. Ne5 f6 30. Bxf6 Rd2 31. Rb1 Nc8 32. Nxg4 Bc5 33. Bg5 Rc2
34. e5 Nb6 35. Be3 Bxe3 36. Nxe3 Rd2 37. Kf1 Na4 38. Nd1 Kf7 39. Ke1 Rd5 40. f4
g5 41. g3 gxf4 42. gxf4 Rd8 43. b3 Nc5 44. Nf2 Rh8 45. b4 Na4 46. Rc1 Nb6 47.
Ne4 Rxh2 48. Nd6+ Kg6 49. c4 bxc4 50. Nxc4 Rh1+ 51. Kd2 Rxc1 52. Nxb6 Rc6 53.
Na4 Rc4 54. a3 Kf5 55. Nc5 Rxf4 56. Nd3 Rh4 57. Kc3 Rh3 58. Kd4 Rg3 59. a4 Rg8
60. Nc5 Ra8 61. a5 Ra7 62. Kc4 Kxe5 63. Nxa6 Rxa6 64. Kb5 Rd6 65. a6 Kd5 66. a7
Rd8 67. Kb6 e5 0-1

[Event "Open SSM Luglio"]
[Site "Milano ITA"]
[Date "2015.07.03"]
[Round "2"]
[White "Vece, Luigi"]
[Black "Fantina, Carla"]
[WhiteElo "1565"]
[BlackElo "1314"]
[Result "1-0"]
[PlyCount "89"]
[EventDate "2015.07.02"]

1. e4 d6 2. d4 Nf6 3. Nc3 g6 4. Bc4 Bg7 5. Nf3 O-O 6. O-O Nxe4 7. Bxf7+ Rxf7 8.
Nxe4 h6 9. h3 Bf5 10. Ng3 Nc6 11. c3 e5 12. dxe5 Nxe5 13. Nd4 Qd7 14. Ndxf5
gxf5 15. Nh5 c5 16. Nxg7 Kxg7 17. Bf4 Rh8 18. Qd5 Qc6 19. Bxe5+ dxe5 20. Qxe5+
Kh7 21. Rad1 Rg8 22. f3 Re8 23. Qf4 Qc7 24. Qxc7 Rxc7 25. Kf2 b6 26. Rfe1 Rf8
27. h4 Rff7 28. f4 Kg6 29. Rd6+ Rf6 30. h5+ Kf7 31. Rd5 Re7 32. Rxe7+ Kxe7 33.
a4 Ke6 34. Re5+ Kd6 35. b4 a6 36. bxc5+ bxc5 37. Ke2 Re6 38. Rxe6+ Kxe6 39. Kf3
Kd5 40. g4 fxg4+ 41. Kxg4 Kc4 42. f5 Kxc3 43. f6 c4 44. f7 Kb2 45. f8=Q 1-0

[Event "Open SSM Luglio"]
[Site "Milano ITA"]
[Date "2015.07.03"]
[Round "2"]
[White "Vezzosi, Paolo"]
[Black "Spelta, Andrea"]
[WhiteElo "2349"]
[BlackElo "1788"]
[Result "1-0"]
[PlyCount "77"]
[EventDate "2015.07.02"]

1. e4 b6 2. c4 Bb7 3. Nc3 e6 4. Nf3 g6 5. d4 Bg7 6. Bd3 Ne7 7. Be3 d6 8. Qd2 h6
9. O-O-O Nd7 10. Ne1 e5 11. d5 Nf6 12. f3 g5 13. h4 gxh4 14. Rxh4 h5 15. Bc2
Bc8 16. Nd3 Ng6 17. Rh2 a5 18. Rdh1 Bd7 19. Bg5 Qe7 20. Ne2 O-O-O 21. Ng3 h4
22. Nf5 Qf8 23. Nxh4 Nxh4 24. Rxh4 Rxh4 25. Rxh4 Qe7 26. a3 Rh8 27. Rxh8+ Bxh8
28. b4 axb4 29. axb4 Qe8 30. c5 Bb5 31. Be3 Nd7 32. c6 Nf8 33. Qc3 Kd8 34. Qa3
Ke7 35. Qa7 Qc8 36. Bxb6 Bf6 37. Bxc7 Bg5+ 38. Kb2 Ng6 39. Bxd6+ 1-0

[Event "Open SSM Luglio"]
[Site "Milano ITA"]
[Date "2015.07.05"]
[Round "3"]
[White "Aloe, Giancarlo"]
[Black "Mazzoccoli, Simone"]
[WhiteElo "1711"]
[BlackElo "1786"]
[Result "1/2-1/2"]
[PlyCount "74"]
[EventDate "2015.07.02"]

1. d4 Nf6 2. Nf3 g6 3. g3 Bg7 4. Bg2 d6 5. O-O O-O 6. c4 Nbd7 7. Nbd2 e5 8. e3
c6 9. b3 e4 10. Ng5 d5 11. cxd5 cxd5 12. Nh3 Re8 13. Ba3 Nf8 14. Nf4 Ne6 15.
Re1 Nxf4 16. exf4 Bf5 17. Nf1 Qd7 18. Ne3 Bf8 19. Bxf8 Kxf8 20. Qd2 Kg7 21.
Rac1 b6 22. Rc3 Rac8 23. Rec1 Be6 24. Bf1 Rxc3 25. Rxc3 Rc8 26. Ba6 Rxc3 27.
Qxc3 Ne8 28. a4 Qc7 29. Qc2 Qxc2 30. Nxc2 Nc7 31. Bb7 a5 32. Ne3 f5 33. h3 h5
34. Kg2 Kf6 35. f3 g5 36. fxg5+ Kxg5 37. f4+ Kf6 1/2-1/2

[Event "Open SSM Luglio"]
[Site "Milano ITA"]
[Date "2015.07.04"]
[Round "3"]
[White "Astengo, Corrado"]
[Black "Maccari, Piergiuseppe"]
[WhiteElo "2114"]
[BlackElo "1812"]
[Result "0-1"]
[PlyCount "114"]
[EventDate "2015.07.02"]

1. e4 c5 2. Nf3 d6 3. d4 cxd4 4. Nxd4 Nf6 5. Nc3 g6 6. Be3 Bg7 7. f3 O-O 8. Qd2
Nc6 9. O-O-O Nxd4 10. Bxd4 Be6 11. h4 Qa5 12. h5 Bxa2 13. hxg6 fxg6 14. Nxa2
Qxa2 15. b3 Rfc8 16. Bc4+ Rxc4 17. bxc4 Rc8 18. c5 Rxc5 19. Qd3 Rc4 20. Bc3 b5
21. e5 dxe5 22. Bxe5 Rc5 23. Bb2 b4 24. Qd4 Nh5 25. Qxc5 Qxb2+ 26. Kd2 Bc3+ 27.
Kd3 Nf4+ 28. Ke4 Qxc2+ 29. Rd3 Nxd3 30. Qd5+ Kg7 31. Qxd3 Qxg2 32. Rd1 a5 33.
Rc1 Qb2 34. Rc2 Qb3 35. f4 Qe6+ 36. Kf3 Qh3+ 37. Ke4 Qxd3+ 38. Kxd3 a4 39. Kc4
Kf6 40. Ra2 Kf5 41. Rxa4 Kxf4 42. Ra7 e5 43. Rxh7 g5 44. Rf7+ Kg3 45. Kd3 g4
46. Rb7 Kg2 47. Rb8 g3 48. Ke3 Be1 49. Ke2 Bc3 50. Rb7 Kg1 51. Rb6 g2 52. Rb7
e4 53. Rb5 b3 54. Rxb3 Kh2 55. Rb5 Bd4 56. Rh5+ Kg3 57. Rg5+ Kh3 0-1

[Event "Open SSM Luglio"]
[Site "Milano ITA"]
[Date "2015.07.04"]
[Round "3"]
[White "Bemporad, Filippo"]
[Black "Vezzosi, Paolo"]
[WhiteElo "2042"]
[BlackElo "2349"]
[Result "0-1"]
[PlyCount "94"]
[EventDate "2015.07.02"]

1. d4 c5 2. e3 Nf6 3. Nf3 g6 4. Bd3 Bg7 5. O-O O-O 6. b3 b6 7. Bb2 Bb7 8. c4
cxd4 9. Nxd4 Na6 10. Nc3 Nc5 11. Be2 a6 12. Rc1 Rc8 13. Ba1 Rc7 14. Bf3 e5 15.
Nc2 e4 16. Be2 Qa8 17. Nb4 Rfc8 18. Ncd5 Nxd5 19. Nxd5 Bxd5 20. Bxg7 Kxg7 21.
cxd5 b5 22. Qd4+ Kg8 23. Rcd1 Re8 24. Qf6 Qa7 25. h4 Rb7 26. h5 Qb6 27. Qd4 d6
28. Rc1 b4 29. Rfd1 Re5 30. Rc4 a5 31. Rdc1 Rc7 32. g3 gxh5 33. Kg2 h4 34. g4
f5 35. Rh1 Rg7 36. Rxh4 Qc7 37. Rc1 fxg4 38. Rch1 Qd7 39. Rh5 Rxh5 40. Rxh5 Qf7
41. Rh6 Rg6 42. Rxg6+ Qxg6 43. Qd1 h5 44. Qh1 Nd3 45. Qh4 Qf7 46. Kf1 Qf5 47.
Qg3 Qxd5 0-1

[Event "Open SSM Luglio"]
[Site "Milano ITA"]
[Date "2015.07.04"]
[Round "3"]
[White "Biava, Pierluigi"]
[Black "Ricciardi, Arcangelo"]
[WhiteElo "1588"]
[BlackElo "1766"]
[Result "0-1"]
[PlyCount "50"]
[EventDate "2015.07.02"]

1. c4 e5 2. Nc3 Nf6 3. e3 Nc6 4. Be2 d5 5. cxd5 Nxd5 6. a3 Nxc3 7. bxc3 Qg5 8.
g3 Be7 9. h4 Qf6 10. Bb2 Be6 11. Qc2 O-O-O 12. Nf3 Bg4 13. Nd4 Bxe2 14. Nxe2
Qf3 15. Rf1 Kb8 16. Rb1 Rhe8 17. Ng1 Qg4 18. Bc1 e4 19. Qb3 b6 20. Ne2 Ne5 21.
a4 Nf3+ 22. Kd1 Qh3 23. Re1 Nxe1 24. Kxe1 Qh1+ 25. Ng1 Qxg1+ 0-1

[Event "Open SSM Luglio"]
[Site "Milano ITA"]
[Date "2015.07.04"]
[Round "3"]
[White "Brisotto, Stefano"]
[Black "Bracco, Valter"]
[WhiteElo "1464"]
[BlackElo "1400"]
[Result "1-0"]
[PlyCount "69"]
[EventDate "2015.07.02"]

1. e4 c5 2. c3 Nf6 3. e5 Nd5 4. d4 cxd4 5. Nf3 Nc6 6. cxd4 d6 7. Bc4 Nb6 8. Bb5
a6 9. Bxc6+ bxc6 10. O-O g6 11. Be3 Nd5 12. exd6 Qxd6 13. Bg5 Bg7 14. Qd2 h6
15. Bh4 O-O 16. Bg3 Qb4 17. Nc3 Bf5 18. a3 Qa5 19. b4 Qd8 20. Ne5 Rc8 21. Nxd5
Qxd5 22. Rfe1 Rfd8 23. Nf3 Be4 24. Rad1 e6 25. Qf4 Bxf3 26. gxf3 g5 27. Qg4 Qb3
28. f4 f5 29. Qe2 Rd6 30. fxg5 Rxd4 31. Rxd4 Bxd4 32. gxh6 e5 33. Bxe5 Re8 34.
h7+ Kxh7 35. Qh5+ 1-0

[Event "Open SSM Luglio"]
[Site "Milano ITA"]
[Date "2015.07.04"]
[Round "3"]
[White "Cazzaniga, Walter"]
[Black "Carli, Federico"]
[WhiteElo "2163"]
[BlackElo "1677"]
[Result "1-0"]
[PlyCount "67"]
[EventDate "2015.07.02"]

1. d4 Nf6 2. c4 g6 3. Nc3 Bg7 4. e4 O-O 5. Nf3 d6 6. Be2 Nbd7 7. O-O e5 8. Be3
c6 9. d5 cxd5 10. cxd5 b6 11. Nd2 Bb7 12. b4 Ne8 13. Qb3 f5 14. f3 Ndf6 15. Bb5
Nh5 16. Bc6 Rb8 17. Rae1 f4 18. Bf2 Bc8 19. Re2 Qg5 20. Be1 Nef6 21. Nc4 Ng3
22. hxg3 fxg3 23. Bxg3 Qxg3 24. Ref2 Nh5 25. Ne2 Qg5 26. Nxd6 Rf4 27. Nxc8 Rxc8
28. d6+ Kh8 29. Qe6 Rcf8 30. Nxf4 Nxf4 31. Qg4 Qxg4 32. fxg4 Ne6 33. Rxf8+ Bxf8
34. Rf6 1-0

[Event "Open SSM Luglio"]
[Site "Milano ITA"]
[Date "2015.07.04"]
[Round "3"]
[White "Colica, Daniele"]
[Black "Nikonov, Maxim"]
[WhiteElo "1686"]
[BlackElo "1535"]
[Result "0-1"]
[PlyCount "82"]
[EventDate "2015.07.02"]

1. Nf3 Nf6 2. b3 d5 3. e3 Bg4 4. Bb2 e6 5. h3 Bh5 6. Be2 Be7 7. O-O O-O 8. c4
Nbd7 9. d3 c5 10. Nbd2 Rc8 11. Ne5 Bxe2 12. Qxe2 Nxe5 13. Bxe5 Bd6 14. Nf3 Bxe5
15. Nxe5 Nd7 16. f4 Nxe5 17. fxe5 dxc4 18. bxc4 Qc7 19. Qh5 Rcd8 20. Rfd1 Rd7
21. Rd2 Rfd8 22. Rad1 a6 23. Qf3 Qxe5 24. d4 cxd4 25. Kh1 d3 26. e4 Qf6 27.
Qxf6 gxf6 28. Kg1 Rd4 29. Kf2 Rxe4 30. Kf3 Rxc4 31. Rxd3 Rc3 32. Rxc3 Rxd1 33.
Rc7 Ra1 34. Rxb7 Rxa2 35. g4 Kg7 36. h4 a5 37. g5 fxg5 38. hxg5 a4 39. Kf4 a3
40. Ke5 Ra1 41. Ra7 a2 0-1

[Event "Open SSM Luglio"]
[Site "Milano ITA"]
[Date "2015.07.04"]
[Round "3"]
[White "Frignani, Alessandro"]
[Black "Mollichella, Claudio"]
[WhiteElo "1403"]
[BlackElo "1428"]
[Result "1/2-1/2"]
[PlyCount "93"]
[EventDate "2015.07.02"]

1. e4 e5 2. Bc4 Nf6 3. Qf3 Be7 4. Nc3 c6 5. Be2 O-O 6. d3 Qb6 7. Qg3 d6 8. Bh6
g6 9. Bxf8 Bxf8 10. Rb1 Na6 11. a3 Nc7 12. h4 h5 13. Qg5 Bg7 14. Qd2 Ne6 15.
Na4 Qd8 16. Nf3 Ng4 17. g3 Nd4 18. Nxd4 exd4 19. b4 Ne5 20. f3 Qf6 21. Qf4 Qe6
22. Qc1 Qf6 23. O-O Kh7 24. f4 Ng4 25. Bxg4 Bxg4 26. Rf2 Bh6 27. Qe1 Re8 28. c4
Qe6 29. Nb2 Bg7 30. Qd2 f5 31. Rh2 Bf3 32. Kf2 fxe4 33. dxe4 Bxe4 34. Nd3 Qxc4
35. Re1 Qxd3 36. Qxd3 Bxd3 37. Rxe8 c5 38. Rb8 Ba6 39. bxc5 dxc5 40. Rc8 c4 41.
Ke2 c3+ 42. Ke1 d3 43. Kd1 c2+ 44. Kd2 Bb2 45. Rh1 Bxa3 46. Ra1 Bb4+ 47. Kc1
1/2-1/2

[Event "Open SSM Luglio"]
[Site "Milano ITA"]
[Date "2015.07.04"]
[Round "3"]
[White "Libutti, Michele"]
[Black "Poletto, Daniele"]
[WhiteElo "1770"]
[BlackElo "1712"]
[Result "1/2-1/2"]
[PlyCount "41"]
[EventDate "2015.07.02"]

1. d4 Nf6 2. c4 g6 3. Nc3 Bg7 4. e4 d6 5. f4 O-O 6. Nf3 c5 7. d5 e6 8. Bd3 exd5
9. cxd5 a6 10. a4 Re8 11. O-O Qc7 12. Re1 c4 13. Bc2 Ng4 14. Be3 Nxe3 15. Rxe3
Qb6 16. Qd2 Bg4 17. Kf1 Nd7 18. a5 Qa7 19. Na4 b5 20. axb6 Nxb6 21. Nc3 1/2-1/2

[Event "Open SSM Luglio"]
[Site "Milano ITA"]
[Date "2015.07.04"]
[Round "3"]
[White "Madaschi, Sergio"]
[Black "Moreschi, Mauro"]
[WhiteElo "1523"]
[BlackElo "1825"]
[Result "0-1"]
[PlyCount "118"]
[EventDate "2015.07.02"]

1. e4 d6 2. c4 e5 3. d4 Nf6 4. Nc3 exd4 5. Qxd4 Nc6 6. Qd1 Be7 7. Nf3 O-O 8.
Be2 Bg4 9. Be3 Re8 10. O-O h6 11. a3 Bf8 12. Nd2 Bxe2 13. Qxe2 a5 14. Rfe1 Qd7
15. h3 Ne5 16. Nf3 g6 17. Nxe5 dxe5 18. Rad1 Qc6 19. f3 Red8 20. Nd5 Nxd5 21.
cxd5 Qa6 22. Qc2 Rac8 23. Qf2 g5 24. Qg3 Bg7 25. h4 gxh4 26. Qxh4 Kh7 27. g4
Qf6 28. Qh3 Qg6 29. Rd2 Bf6 30. Rh2 Bg5 31. Bxg5 Qxg5 32. Qg3 Rg8 33. Qh3 Rg6
34. Kh1 Rd8 35. Qf1 Qf4 36. Qh3 Rdd6 37. Rf1 Rb6 38. Qg2 Rb3 39. Rh3 Qe3 40.
Qf2 Qxf2 41. Rxf2 Kg7 42. Kg2 Rgb6 43. Rh5 f6 44. Rc2 Rxb2 45. Rxb2 Rxb2+ 46.
Kg3 Rb3 47. Rh2 Rxa3 48. Rc2 c6 49. dxc6 bxc6 50. Rxc6 a4 51. Ra6 Ra2 52. Ra7+
Kg6 53. Ra8 a3 54. Rg8+ Kf7 55. Ra8 Ra1 56. Ra7+ Ke6 57. Ra6+ Kd7 58. Rxf6 a2
59. Ra6 Rg1+ 0-1

[Event "Open SSM Luglio"]
[Site "Milano ITA"]
[Date "2015.07.04"]
[Round "3"]
[White "Ruggeri, Igor"]
[Black "Pelizzola, Danilo"]
[WhiteElo "1528"]
[BlackElo "2064"]
[Result "0-1"]
[PlyCount "36"]
[EventDate "2015.07.02"]

1. d4 Nf6 2. c4 e6 3. Nf3 b6 4. g3 Bb7 5. Bg2 Be7 6. O-O O-O 7. Nc3 Ne4 8. Qc2
f5 9. Nd2 Nxc3 10. Bxb7 Nxe2+ 11. Kg2 Nxd4 12. Qd3 Nbc6 13. Bxa8 Qxa8 14. Nf3
Bf6 15. Bf4 g5 16. Nxd4 Ne5+ 17. Nf3 Nxd3 18. Bxc7 g4 0-1